00638cam a2200181 i 4500008004100000020002500041100001900066245008000085260005300165300003600218500002000254504004100274651004800315651006600363003000100429005001700430040000900447  a9781851689279 (pbk.)1 aRawlence, Ben.10aRadio Congo :bsignals of hope from Africa's deadliest war /cBen Rawlence. 1aOxford, England :bOneworld publications,c2012. axii, 303 pages :bill. ;c22 cm aIncludes index. aIncludes bibliographical references. 0aCongo (Democratic Republic)xHistoryy1997- 0aCongo (Democratic Republic)xSocial conditionsy21st century.20230123122120.0 cNUST